[Event "XX C.to Mondiale Seniores"]
[Site "Arco ITA"]
[Date "2010.11.05"]
[Round "10"]
[White "Jacobsen, Bo"]
[Black "Rosino, Antonio"]
[WhiteElo "2317"]
[BlackElo "2237"]
[Result "1-0"]
[PlyCount "111"]
[EventDate "2010.10.26"]

1. c4 e5 2. Nc3 Nf6 3. g3 c6 4. Nf3 e4 5. Nd4 d5 6. cxd5 Qb6 7. Nb3 a5 8. d3 a4
9. Nd2 exd3 10. Bg2 cxd5 11. O-O Be6 12. exd3 Qa5 13. Nf3 Bb4 14. Nd4 O-O 15.
Nxe6 fxe6 16. Ne2 e5 17. a3 Bd6 18. Nc3 Nc6 19. Bd2 d4 20. b4 Qa7 21. Nb5 Qb8
22. Nxd6 Qxd6 23. b5 Ne7 24. Bxb7 Ra7 25. Bb4 Qe6 26. Bxe7 Qxe7 27. Bc6 Rb8 28.
Qc2 Ne8 29. Rfe1 Nc7 30. Qc4+ Kh8 31. Qxd4 Nxb5 32. Qb2 Qc5 33. Qxe5 Qxe5 34.
Rxe5 Nd4 35. Be4 g6 36. Ra2 Rb3 37. h4 Nb5 38. h5 Kg7 39. hxg6 hxg6 40. Re6
Rxa3 41. Rxg6+ Kf8 42. Bd5 Rxa2 43. Bxa2 Nc7 44. Rb6 Ra5 45. Kg2 Ke7 46. g4 Kd7
47. f4 a3 48. Rb3 Ra4 49. Kg3 Kd6 50. Rb1 Na6 51. g5 Nb4 52. Ra1 Nc2 53. Rc1
Nd4 54. Re1 Rb4 55. Bc4 Rb2 56. Re8 1-0

[Event "XX C.to Mondiale Seniores"]
[Site "Arco ITA"]
[Date "2010.11.05"]
[Round "10"]
[White "Jenkins, Tom Ivar"]
[Black "D'Aulisa, Francesco"]
[WhiteElo "1975"]
[BlackElo "1779"]
[Result "1-0"]
[PlyCount "75"]
[EventDate "2010.10.26"]

1. e4 d6 2. d4 e6 3. Bd3 a6 4. c4 Nd7 5. Nc3 h6 6. Be3 Ne7 7. f4 b6 8. Nf3 Bb7
9. O-O Nc6 10. a3 Qe7 11. Rc1 g6 12. Qd2 Na5 13. Qf2 Rg8 14. b4 Nc6 15. d5 Na7
16. Rfe1 Bg7 17. dxe6 fxe6 18. e5 Bh8 19. exd6 Qxd6 20. Red1 Qe7 21. Ne4 O-O-O
22. c5 b5 23. Nd6+ Kb8 24. Nxb7 Kxb7 25. c6+ Nxc6 26. Rxc6 Nb8 27. Rcc1 Nd7 28.
Be4+ Kc8 29. Qc2 Nf6 30. Rxd8+ Rxd8 31. Bc5 Qg7 32. Ne5 g5 33. Nc6 Rd7 34. a4
Nd5 35. axb5 axb5 36. Qa2 Kb7 37. Qa7+ Kxc6 38. Qa6# 1-0

[Event "XX C.to Mondiale Seniores"]
[Site "Arco ITA"]
[Date "2010.11.05"]
[Round "10"]
[White "Kaufman, Larry C."]
[Black "Suba, Mihai"]
[WhiteElo "2413"]
[BlackElo "2464"]
[Result "1-0"]
[PlyCount "69"]
[EventDate "2010.10.26"]

1. d4 Nf6 2. c4 e6 3. Nf3 b6 4. g3 Ba6 5. Qa4 Bb7 6. Bg2 c5 7. dxc5 Bc6 8. Qc2
bxc5 9. O-O Be7 10. Nc3 a6 11. e4 d6 12. Bf4 Nfd7 13. Rad1 e5 14. Be3 O-O 15.
Nd5 Bxd5 16. cxd5 a5 17. Nd2 Nb6 18. f4 Bf6 19. Nf3 exf4 20. gxf4 N8d7 21. e5
dxe5 22. fxe5 Nxe5 23. Bxc5 Nxf3+ 24. Bxf3 Re8 25. d6 Rc8 26. Bb7 Rb8 27. Qg2
Re5 28. Bf2 Rg5 29. Bg3 Nc4 30. Qc6 Ne3 31. d7 Nxf1 32. Kxf1 Be5 33. Re1 f6 34.
Qe6+ Kh8 35. Bc8 1-0

[Event "XX C.to Mondiale Seniores"]
[Site "Arco ITA"]
[Date "2010.11.05"]
[Round "10"]
[White "Kleszczewski, Nicholas"]
[Black "Morrow, Hans M."]
[WhiteElo "2145"]
[BlackElo "1931"]
[Result "1-0"]
[PlyCount "113"]
[EventDate "2010.10.26"]

1. e4 c6 2. d4 d5 3. Nc3 dxe4 4. Nxe4 Bf5 5. Ng3 Bg6 6. Nf3 h6 7. Ne5 Bh7 8.
Be3 Nd7 9. Nd3 Ngf6 10. c4 e6 11. Be2 Bd6 12. O-O Qc7 13. Re1 O-O 14. Bf3 Kh8
15. Rc1 Rad8 16. d5 exd5 17. cxd5 Bxg3 18. hxg3 Qa5 19. Nf4 cxd5 20. Qb3 Rc8
21. Nxd5 Nxd5 22. Bxd5 Bg6 23. Qxb7 Nc5 24. Bxc5 Rxc5 25. Qe7 Rfc8 26. Rxc5
Qxc5 27. Qxc5 Rxc5 28. Bb3 Rc7 29. g4 Kg8 30. Re8+ Kh7 31. Rd8 f5 32. Bg8+ Kh8
33. Be6+ Kh7 34. gxf5 Bf7 35. Rd7 Rc1+ 36. Kh2 Bxe6 37. fxe6 Re1 38. Rd6 Re2
39. Ra6 Kg8 40. Rxa7 Rxe6 41. f3 Re2 42. b4 Rb2 43. a3 Rb3 44. Kg3 Kh7 45. Kf4
Rb2 46. g4 Rb3 47. Ke4 Rb1 48. Kf5 Rd1 49. g5 Rd5+ 50. Ke4 Rd8 51. f4 Re8+ 52.
Kf3 Kg6 53. Ra6+ Kf7 54. a4 Rc8 55. Rb6 Rc3+ 56. Kg4 Re3 57. a5 1-0

[Event "XX C.to Mondiale Seniores"]
[Site "Arco ITA"]
[Date "2010.11.05"]
[Round "10"]
[White "Klundt, Klaus"]
[Black "Eperjesi, Laszlo"]
[WhiteElo "2355"]
[BlackElo "2194"]
[Result "1-0"]
[PlyCount "47"]
[EventDate "2010.10.26"]

1. e4 c6 2. d4 d5 3. exd5 cxd5 4. c4 Nf6 5. Nc3 e6 6. Nf3 Bb4 7. cxd5 Nxd5 8.
Qc2 Nc6 9. Bd3 h6 10. O-O O-O 11. a3 Bd6 12. Re1 Nce7 13. Ne5 Bd7 14. Qe2 Nf6
15. Ne4 Nxe4 16. Qxe4 f5 17. Qe2 Bc8 18. Bc4 Kh7 19. Bf4 Rf6 20. Rad1 a6 21.
Qh5 Qc7 22. Ba2 Ng8 23. Rc1 Qb6 24. Nc4 1-0

[Event "XX C.to Mondiale Seniores"]
[Site "Arco ITA"]
[Date "2010.11.05"]
[Round "10"]
[White "Korenevski, Oleg"]
[Black "Limberg, Siegfried"]
[WhiteElo "1930"]
[BlackElo "2139"]
[Result "1/2-1/2"]
[PlyCount "43"]
[EventDate "2010.10.26"]

1. d4 Nf6 2. Nf3 g6 3. c4 Bg7 4. Nc3 c5 5. d5 d6 6. e4 Nbd7 7. Be2 a6 8. O-O
O-O 9. h3 Rb8 10. Qd3 Ne8 11. Rb1 b6 12. Bd1 Ne5 13. Nxe5 Bxe5 14. f4 Bd4+ 15.
Be3 Bxe3+ 16. Qxe3 b5 17. Bb3 Ng7 18. g4 f6 19. e5 b4 20. Ne2 Bd7 21. e6 Be8
22. Bc2 1/2-1/2

[Event "XX C.to Mondiale Seniores"]
[Site "Arco ITA"]
[Date "2010.11.05"]
[Round "10"]
[White "Micheli, Carlo"]
[Black "Plachetka, Jan"]
[WhiteElo "2263"]
[BlackElo "2345"]
[Result "1/2-1/2"]
[PlyCount "114"]
[EventDate "2010.10.26"]

1. e4 c5 2. Nf3 e6 3. c3 Nf6 4. e5 Nd5 5. d4 cxd4 6. Qxd4 Nc6 7. Qe4 d6 8. exd6
Bxd6 9. Nbd2 Bc7 10. Nc4 Qf6 11. Bg5 Qg6 12. Bd3 Qxe4+ 13. Bxe4 h6 14. Bd2 Bd7
15. a4 O-O-O 16. O-O g5 17. b4 f5 18. Bxd5 exd5 19. Ne3 f4 20. Nxd5 Bg4 21. c4
Bxf3 22. gxf3 Ne5 23. Kg2 Nxc4 24. Bc3 Rh7 25. Nf6 Rf7 26. Rfe1 a6 27. Re6 Rd6
28. Rae1 Rxe6 29. Rxe6 Nd6 30. Bd4 b5 31. Bc5 Nf5 32. Rxa6 bxa4 33. b5 Nh4+ 34.
Kh3 Nxf3 35. Kg4 Ne5+ 36. Kh5 Nd3 37. Bd4 Bb8 38. Kxh6 f3 39. h3 Nf4 40. Kxg5
Nxh3+ 41. Kg4 Ng1 42. Rxa4 Kb7 43. Ra6 Rg7+ 44. Kf5 Ne2 45. Be3 Re7 46. Ng4 Nc3
47. Bd4 Ne4 48. Rb6+ Kc8 49. Rxb8+ Kxb8 50. Be5+ Rxe5+ 51. Kxe5 Nc3 52. Nh2 Kb7
53. Nxf3 Nd1 54. Kd5 Kb6 55. Kc4 Nxf2 56. Ne5 Ne4 57. Kb4 Nd6 1/2-1/2

[Event "XX C.to Mondiale Seniores"]
[Site "Arco ITA"]
[Date "2010.11.05"]
[Round "10"]
[White "Prahov, G."]
[Black "Fereday, Andrew"]
[WhiteElo "2267"]
[BlackElo "1921"]
[Result "1/2-1/2"]
[PlyCount "29"]
[EventDate "2010.10.26"]

1. c4 Nf6 2. g3 g6 3. Nc3 c5 4. Nf3 Nc6 5. Bg2 Bg7 6. O-O O-O 7. b3 e5 8. Bb2
d6 9. Ng5 h6 10. Nge4 Nxe4 11. Bxe4 Bh3 12. Bg2 Bxg2 13. Kxg2 f5 14. f4 Qe7 15.
Nd5 1/2-1/2

[Event "XX C.to Mondiale Seniores"]
[Site "Arco ITA"]
[Date "2010.11.05"]
[Round "10"]
[White "Rasmussen, Lars-Bo"]
[Black "Perich, Stefano"]
[WhiteElo "2090"]
[BlackElo "1952"]
[Result "1-0"]
[PlyCount "49"]
[EventDate "2010.10.26"]

1. d4 Nf6 2. c4 g6 3. Nc3 Bg7 4. e4 d6 5. h3 c6 6. Be3 Qc7 7. Qd2 h6 8. f4 e6
9. Be2 a6 10. Nf3 b5 11. Bd3 Nbd7 12. e5 Ng8 13. Ne4 d5 14. Nd6+ Kf8 15. c5 Ne7
16. g4 a5 17. f5 gxf5 18. gxf5 exf5 19. O-O-O Nb8 20. Nh4 Na6 21. Bxf5 Bxf5 22.
Nhxf5 Nxf5 23. Nxf5 Rd8 24. Rhg1 Rg8 25. Rxg7 1-0

[Event "XX C.to Mondiale Seniores"]
[Site "Arco ITA"]
[Date "2010.11.05"]
[Round "10"]
[White "Rubinstein, Mark"]
[Black "Mentink, Toon"]
[WhiteElo "2010"]
[BlackElo "1842"]
[Result "1-0"]
[PlyCount "51"]
[EventDate "2010.10.26"]

1. c4 b6 2. Nc3 Bb7 3. d4 e6 4. e4 Be7 5. f3 Nf6 6. Nge2 d6 7. g4 Nbd7 8. Ng3
c5 9. d5 Ne5 10. Be2 exd5 11. exd5 O-O 12. g5 Nfd7 13. f4 Ng6 14. h4 Re8 15. h5
Nxf4 16. Bxf4 Bxg5 17. Qd2 Ne5 18. O-O-O Bf6 19. Nge4 b5 20. Nxf6+ Qxf6 21. Bg5
Qf2 22. Ne4 Qg2 23. Nxd6 Bxd5 24. cxd5 Nc4 25. Bxc4 Qxd2+ 26. Rxd2 1-0

[Event "XX C.to Mondiale Seniores"]
[Site "Arco ITA"]
[Date "2010.11.05"]
[Round "10"]
[White "Santos, Julio"]
[Black "Ruckschloss, Karol"]
[WhiteElo "2057"]
[BlackElo "2293"]
[Result "1/2-1/2"]
[PlyCount "41"]
[EventDate "2010.10.26"]

1. e4 d6 2. d4 Nf6 3. Nc3 g6 4. f4 c6 5. Nf3 Bg7 6. e5 Nd5 7. Nxd5 cxd5 8. Bd3
Nc6 9. c3 O-O 10. O-O a6 11. Bd2 Na5 12. Qe2 dxe5 13. fxe5 Qb6 14. b3 Nc6 15.
Kh1 Nd8 16. c4 dxc4 17. Bxc4 Bg4 18. Be3 Qa5 19. Bd2 Qb6 20. Be3 Qa5 21. Bd2
1/2-1/2

[Event "XX C.to Mondiale Seniores"]
[Site "Arco ITA"]
[Date "2010.11.05"]
[Round "10"]
[White "Schwertel, Johann"]
[Black "Aijala, Jouko"]
[WhiteElo "2027"]
[BlackElo "2157"]
[Result "0-1"]
[PlyCount "118"]
[EventDate "2010.10.26"]

1. d4 Nf6 2. Nf3 g6 3. Bf4 Bg7 4. e3 b6 5. Be2 Bb7 6. O-O d6 7. Nbd2 Nbd7 8. c3
Ne4 9. Nxe4 Bxe4 10. Nd2 Bb7 11. Bf3 Bxf3 12. Nxf3 e5 13. dxe5 dxe5 14. Bg5 f6
15. Bh4 Nc5 16. Qc2 Qd3 17. Rac1 h5 18. h3 g5 19. Bg3 h4 20. Bh2 O-O-O 21. Qxd3
Rxd3 22. Rfd1 Rhd8 23. Rxd3 Rxd3 24. Kf1 Kb7 25. Ke2 Rd7 26. Ne1 Kc6 27. Rd1
Rxd1 28. Kxd1 Kd5 29. f3 f5 30. Bg1 Ne6 31. b3 e4 32. Nc2 Bxc3 33. Bf2 a5 34.
Ke2 b5 35. f4 Bf6 36. fxg5 Bxg5 37. Na3 c6 38. Be1 a4 39. g3 axb3 40. axb3 hxg3
41. Bxg3 f4 42. Bf2 fxe3 43. Bxe3 Nd4+ 44. Bxd4 Kxd4 45. Nc2+ Kc3 46. Ne3 Kxb3
47. Nf5 Kc3 48. h4 Bf6 49. h5 b4 50. Nd6 Kd4 51. Nf5+ Ke5 52. Ne3 c5 53. h6 b3
54. h7 Bh8 55. Kd2 Kf4 56. Nd5+ Kf3 57. Nc3 c4 58. Nd5 Bd4 59. Kd1 e3 0-1

[Event "XX C.to Mondiale Seniores"]
[Site "Arco ITA"]
[Date "2010.11.05"]
[Round "10"]
[White "Shvedchikov, Anatoli I."]
[Black "Tseshkovsky, Vitaly V."]
[WhiteElo "2421"]
[BlackElo "2564"]
[Result "1-0"]
[PlyCount "73"]
[EventDate "2010.10.26"]

1. Nf3 d6 2. d4 g6 3. Bf4 Bg7 4. e3 Nd7 5. h3 e5 6. dxe5 dxe5 7. Bh2 Ne7 8. Nc3
O-O 9. Bc4 a6 10. a4 Nc6 11. O-O Re8 12. a5 h6 13. Qe2 e4 14. Nd2 Nde5 15. Bd5
Kh7 16. Ndxe4 f5 17. Nc5 Qe7 18. Nd3 Be6 19. Bxe5 Nxe5 20. Nxe5 Bxe5 21. Bxb7
Rab8 22. Qxa6 Qb4 23. Bd5 Bxd5 24. Nxd5 Qxb2 25. Qc6 Red8 26. Qe6 Bg7 27. Ra2
Qb7 28. Nf6+ Kh8 29. Nd7 Qc8 30. Nc5 Rb5 31. Qc4 Qb8 32. Ne6 Rb4 33. Qxc7 Qxc7
34. Nxc7 Be5 35. Ne6 Ra8 36. f4 Bc3 37. Nc7 1-0

[Event "XX C.to Mondiale Seniores"]
[Site "Arco ITA"]
[Date "2010.11.05"]
[Round "10"]
[White "Stull, Norbert"]
[Black "Keserovic, Milan"]
[WhiteElo "2110"]
[BlackElo "2194"]
[Result "1/2-1/2"]
[PlyCount "29"]
[EventDate "2010.10.26"]

1. Nf3 f5 2. g3 Nf6 3. Bg2 g6 4. O-O Bg7 5. d4 O-O 6. b3 Ne4 7. Bb2 c5 8. Qc1
cxd4 9. Bxd4 Bxd4 10. Nxd4 e5 11. Nf3 Nc6 12. c4 Qf6 13. Qb2 a5 14. Na3 d6 15.
Nb5 1/2-1/2

[Event "XX C.to Mondiale Seniores"]
[Site "Arco ITA"]
[Date "2010.11.05"]
[Round "10"]
[White "Timoscenko, Gennadij A."]
[Black "Vaisser, Anatoly V."]
[WhiteElo "2499"]
[BlackElo "2507"]
[Result "1/2-1/2"]
[PlyCount "111"]
[EventDate "2010.10.26"]

1. d4 Nf6 2. c4 c5 3. d5 b5 4. cxb5 a6 5. bxa6 g6 6. Nc3 Bxa6 7. e4 Bxf1 8.
Kxf1 d6 9. Nge2 Bg7 10. h3 O-O 11. Kg1 Qa5 12. Kh2 Na6 13. Be3 Nd7 14. Bg5 f6
15. Bd2 f5 16. exf5 Rxf5 17. f4 Qb6 18. Ng3 Rf7 19. Nge4 Nc7 20. Rb1 Qb7 21.
Ng5 Rf5 22. Qe2 Re8 23. Ne6 Nxe6 24. dxe6 Nf8 25. Rhe1 d5 26. Qf3 Rd8 27. g4
Rf6 28. f5 h6 29. Re5 Rxf5 30. Rxf5 gxf5 31. gxf5 Nh7 32. b3 Kh8 33. Rg1 Be5+
34. Kh1 Qa8 35. Na4 d4 36. Qxa8 Rxa8 37. Nxc5 Rxa2 38. Nd3 Bd6 39. Bf4 Bxf4 40.
Nxf4 Nf6 41. Rd1 Ne4 42. Rxd4 Ng3+ 43. Kg1 Nxf5 44. Rd5 Nh4 45. Rd7 Nf5 46.
Ng6+ Kg7 47. Nxe7 Kf6 48. Nxf5 Kxe6 49. Rd4 Kxf5 50. b4 Rb2 51. Rc4 h5 52. Kf1
Kg5 53. Ke1 h4 54. Kd1 Rb3 55. Kc2 Rxh3 56. b5 1/2-1/2

[Event "XX C.to Mondiale Seniores"]
[Site "Arco ITA"]
[Date "2010.11.05"]
[Round "10"]
[White "Trois, Francisco R.T."]
[Black "Gutzeit, Avraham"]
[WhiteElo "2309"]
[BlackElo "2175"]
[Result "1-0"]
[PlyCount "107"]
[EventDate "2010.10.26"]

1. d4 Nf6 2. Nf3 g6 3. c4 c6 4. g3 Bg7 5. Bg2 O-O 6. O-O d5 7. b3 Nbd7 8. cxd5
Nxd5 9. Bb2 e6 10. Nbd2 Re8 11. Nc4 N7b6 12. e4 Nc7 13. Qc2 Nb5 14. Rad1 Nxc4
15. bxc4 Nc7 16. Ne5 f6 17. Nd3 Qe7 18. e5 f5 19. a4 Bd7 20. Qb3 b6 21. Nb4
Red8 22. Nxc6 Bxc6 23. Bxc6 Rac8 24. Bb7 Rb8 25. Bg2 Bf8 26. Ra1 Qb4 27. Qxb4
Bxb4 28. Rfd1 Kf7 29. Rab1 a5 30. f4 Rd7 31. Bc6 Rdd8 32. Kf2 Bf8 33. Bc3 Na6
34. c5 Rdc8 35. Bd7 Rd8 36. c6 Nc7 37. d5 Bc5+ 38. Kf3 exd5 39. e6+ Ke7 40. Be5
Bd6 41. Re1 Bxe5 42. Rxe5 Rg8 43. h4 h5 44. Ke3 Rgf8 45. Kd4 Rh8 46. Rxd5 Rhd8
47. Kc4 Rf8 48. Re5 Rg8 49. Re3 Rgf8 50. Reb3 Na8 51. Kd5 Nc7+ 52. Ke5 Na8 53.
c7 Nxc7 54. Rxb6 1-0

[Event "XX C.to Mondiale Seniores"]
[Site "Arco ITA"]
[Date "2010.11.05"]
[Round "10"]
[White "Vaselli, Luciano"]
[Black "Perez Cameselle, Francisco"]
[WhiteElo "1732"]
[BlackElo "1917"]
[Result "0-1"]
[PlyCount "200"]
[EventDate "2010.10.26"]

1. d4 Nf6 2. e3 g6 3. f4 Bg7 4. Bd3 d6 5. Nf3 Bg4 6. h3 Bxf3 7. Qxf3 c6 8. O-O
d5 9. Nd2 O-O 10. c3 e6 11. g4 Nbd7 12. Rf2 c5 13. Nf1 cxd4 14. exd4 Rc8 15.
Ng3 Qb6 16. Be3 Rfd8 17. h4 Nb8 18. Kg2 Nc6 19. f5 exf5 20. gxf5 Rf8 21. h5 Ne7
22. Bg5 h6 23. Bxf6 Qxf6 24. c4 dxc4 25. Bc2 Nc6 26. Ne4 Qxf5 27. Qxf5 gxf5 28.
Nd6 Rcd8 29. Nxf5 Nxd4 30. Ne7+ Kh8 31. Raf1 Nxc2 32. Rxc2 Rd7 33. Nf5 b5 34.
Nxg7 Kxg7 35. Kh3 Rd5 36. Kh4 f5 37. Rg2+ Kh7 38. Re1 Rd4+ 39. Kh3 Rd7 40. Re6
Rg7 41. Rd2 Rfg8 42. Rdd6 Rg3+ 43. Kh2 R3g5 44. Rxh6+ Kg7 45. Kh3 Rh8 46. Rxh8
Kxh8 47. Kh4 Rg2 48. h6 Kh7 49. Kh5 f4 50. Rd7+ Kh8 51. h7 Rg7 52. Rd8+ Kxh7
53. Rf8 Rg2 54. Rxf4 Rxb2 55. Rf7+ Kg8 56. Rxa7 c3 57. a3 c2 58. Kg6 Kf8 59.
Kf6 Ke8 60. Ke6 Kd8 61. Kd6 Kc8 62. Rc7+ Kb8 63. Rc3 Kb7 64. Kd5 Kb6 65. Kd4
Ka5 66. Kd3 Ka4 67. Kd2 Rb3 68. Rxc2 Kxa3 69. Kc1 Rh3 70. Rc8 b4 71. Ra8+ Kb3
72. Rb8 Rh1+ 73. Kd2 Ka3 74. Kc2 Rh2+ 75. Kb1 Kb3 76. Kc1 Rh1+ 77. Kd2 Rg1 78.
Rb7 Ka3 79. Kc2 Rg2+ 80. Kb1 Kb3 81. Kc1 Rg3 82. Rb8 Rg1+ 83. Kd2 Rb1 84. Rb7
Ka2 85. Kc2 b3+ 86. Kd2 Rh1 87. Ra7+ Kb1 88. Rb7 b2 89. Rb8 Rh2+ 90. Kd1 Ka2
91. Ra8+ Kb3 92. Rb8+ Ka2 93. Ra8+ Kb1 94. Rb8 Rh1+ 95. Kd2 Rh2+ 96. Kd1 Ka1
97. Ra8+ Kb1 98. Rb8 Rh3 99. Kd2 Ka2 100. Ra8+ Ra3 0-1

[Event "XX C.to Mondiale Seniores"]
[Site "Arco ITA"]
[Date "2010.11.05"]
[Round "10"]
[White "Villing, Dieter"]
[Black "Butnorius, Algimantas"]
[WhiteElo "2189"]
[BlackElo "2439"]
[Result "0-1"]
[PlyCount "52"]
[EventDate "2010.10.26"]

1. d4 d5 2. Nc3 Nf6 3. Bg5 Nbd7 4. f3 h6 5. Bh4 c5 6. e4 cxd4 7. Bxf6 exf6 8.
Qxd4 Bc5 9. Qxd5 Qb6 10. Nge2 Qxb2 11. Rb1 Qxc2 12. Rc1 Qb2 13. Rb1 Qa3 14. Rb3
Qa5 15. Nf4 O-O 16. Bb5 Bb4 17. Qc4 Bd6 18. Nfd5 Nc5 19. Rb1 a6 20. O-O Be6 21.
Rfd1 axb5 22. Rxb5 Qa3 23. Rb6 Be5 24. Ne7+ Kh7 25. Ncd5 Na4 26. Rb3 Qxe7 0-1

[Event "XX C.to Mondiale Seniores"]
[Site "Arco ITA"]
[Date "2010.11.05"]
[Round "10"]
[White "Wahlbom, Magnus"]
[Black "Danner, Georg"]
[WhiteElo "2282"]
[BlackElo "2422"]
[Result "1/2-1/2"]
[PlyCount "87"]
[EventDate "2010.10.26"]

1. e4 c5 2. Nf3 Nc6 3. d4 cxd4 4. Nxd4 Nf6 5. Nc3 d6 6. Bg5 e6 7. Qd2 Qb6 8.
Nb3 Be7 9. O-O-O O-O 10. f3 Rd8 11. Qe1 a6 12. Be3 Qc7 13. g4 b5 14. g5 Nd7 15.
h4 b4 16. Na4 Bb7 17. Be2 Rdc8 18. Kb1 Nce5 19. Nd4 Bc6 20. Qxb4 Rab8 21. Qa3
Bxa4 22. Qxa4 Qc3 23. Bc1 Nc5 24. Ka1 Nxa4 25. bxc3 Nxc3 26. Bf4 Nxe2 27. Nxe2
Rxc2 28. Nd4 Rc4 29. Rhf1 g6 30. Rf2 Bf8 31. Rb2 Rbc8 32. Kb1 a5 33. Nb5 R8c6
34. Nd4 Rc8 35. Nb5 R8c6 36. Nd4 R6c5 37. Nb5 Nxf3 38. Nxd6 Rd4 39. Rxd4 Nxd4
40. Rb8 Rc6 41. Ne8 Nf3 42. Nf6+ Kg7 43. Ne8+ Kg8 44. Nf6+ 1/2-1/2

[Event "XX C.to Mondiale Seniores"]
[Site "Arco ITA"]
[Date "2010.11.05"]
[Round "10"]
[White "Westerinen, Heikki M.J."]
[Black "Simon Padros, Emili"]
[WhiteElo "2365"]
[BlackElo "2241"]
[Result "1/2-1/2"]
[PlyCount "26"]
[EventDate "2010.10.26"]

1. e4 e6 2. d4 d5 3. Nc3 Bb4 4. e5 c5 5. a3 Bxc3+ 6. bxc3 Qc7 7. Nf3 Ne7 8. Bd3
b6 9. O-O Ba6 10. dxc5 bxc5 11. Re1 Bxd3 12. cxd3 O-O 13. a4 Nd7 1/2-1/2

[Event "XX C.to Mondiale Seniores"]
[Site "Arco ITA"]
[Date "2010.11.05"]
[Round "10"]
[White "Wittmann, Walter"]
[Black "Zakharchenko, Arnold"]
[WhiteElo "2303"]
[BlackElo "2192"]
[Result "0-1"]
[PlyCount "114"]
[EventDate "2010.10.26"]

1. e4 c6 2. d4 d5 3. Nd2 g6 4. c3 Bg7 5. h3 Nf6 6. Bd3 c5 7. dxc5 Nbd7 8. exd5
Nxc5 9. Bb5+ Bd7 10. Qe2 Nxd5 11. Nb1 O-O 12. Bxd7 Qxd7 13. Nf3 Nf4 14. Bxf4
Nd3+ 15. Kf1 Nxf4 16. Qc2 Qd3+ 17. Qxd3 Nxd3 18. b3 Rfc8 19. g3 Nb4 20. Ne1 Rc6
21. a3 Nd5 22. Ke2 Rd8 23. Ra2 Rxc3 24. Nd2 Rxb3 25. Nxb3 Nc3+ 26. Ke3 Nxa2 27.
Nd3 Nc3 28. Rc1 b6 29. f4 Nb5 30. a4 Nc3 31. a5 bxa5 32. Nxa5 Bd4+ 33. Kf3 Bb6
34. Rxc3 Bxa5 35. Rb3 Bb6 36. Ne5 Rd2 37. Nc4 Rf2+ 38. Ke4 f5+ 39. Kd5 Re2 40.
g4 Re4 41. Nxb6 axb6 42. gxf5 gxf5 43. Rxb6 Kf7 44. Rh6 e6+ 45. Kd6 Rd4+ 46.
Kc5 Rxf4 47. Rxh7+ Kf6 48. h4 Ke5 49. Rh6 Rf1 50. Kc4 Rd1 51. h5 f4 52. Rh8 f3
53. Rf8 Ke4 54. h6 Rc1+ 55. Kb3 Rh1 56. Rf6 e5 57. Kc2 Ke3 0-1

[Event "XX C.to Mondiale Seniores"]
[Site "Arco ITA"]
[Date "2010.11.06"]
[Round "11"]
[White "Baeta, Marcio Netto"]
[Black "Stull, Norbert"]
[WhiteElo "2221"]
[BlackElo "2110"]
[Result "1-0"]
[PlyCount "65"]
[EventDate "2010.10.26"]

1. e4 Nf6 2. e5 Nd5 3. c4 Nb6 4. c5 Nd5 5. Nc3 e6 6. d4 d6 7. cxd6 cxd6 8. Nf3
Nc6 9. Nxd5 exd5 10. Bd3 Be7 11. exd6 Qxd6 12. O-O O-O 13. Be3 Bg4 14. h3 Bh5
15. Rc1 Bg6 16. Re1 Bf6 17. a3 Rac8 18. b4 a6 19. Qd2 Rfe8 20. Rc5 Be4 21. Be2
h6 22. Rec1 Bd8 23. Ne5 Bc7 24. f3 Rxe5 25. dxe5 Qxe5 26. fxe4 Qh2+ 27. Kf1
dxe4 28. Bg1 Qh1 29. Qd7 Bh2 30. Qxc8+ Kh7 31. Qf5+ Kg8 32. Qf2 Ne7 33. Bc4 1-0

[Event "XX C.to Mondiale Seniores"]
[Site "Arco ITA"]
[Date "2010.11.06"]
[Round "11"]
[White "Barlocco, Carlo"]
[Black "Paune, Florea"]
[WhiteElo "2175"]
[BlackElo "1943"]
[Result "1-0"]
[PlyCount "47"]
[EventDate "2010.10.26"]

1. c4 g6 2. Nc3 e6 3. g3 Bg7 4. Bg2 c6 5. e4 Ne7 6. Qb3 Na6 7. d3 Nc5 8. Qc2 e5
9. Be3 Ne6 10. Nge2 d6 11. O-O c5 12. f4 Nd4 13. Qd2 O-O 14. fxe5 dxe5 15. Nd5
Nec6 16. Rab1 Bg4 17. Nxd4 Nxd4 18. b4 b6 19. bxc5 bxc5 20. Rb7 f6 21. Rxg7+
Kxg7 22. Bh6+ Kg8 23. Bxf8 Kxf8 24. Qh6+ 1-0

[Event "XX C.to Mondiale Seniores"]
[Site "Arco ITA"]
[Date "2010.11.06"]
[Round "11"]
[White "Bernhoeft, Erhard"]
[Black "Blaeser, Roman"]
[WhiteElo "1991"]
[BlackElo "2116"]
[Result "1/2-1/2"]
[PlyCount "24"]
[EventDate "2010.10.26"]

1. g3 f5 2. d3 Nf6 3. e4 d6 4. Bg2 c6 5. c3 e5 6. Nh3 fxe4 7. dxe4 Bg4 8. f3
Bd7 9. O-O Na6 10. Be3 Qc8 11. Nf2 Be7 12. Na3 d5 1/2-1/2

[Event "XX C.to Mondiale Seniores"]
[Site "Arco ITA"]
[Date "2010.11.06"]
[Round "11"]
[White "Busu, Corneliu"]
[Black "Zunker, Reinhard"]
[WhiteElo "2305"]
[BlackElo "2198"]
[Result "1/2-1/2"]
[PlyCount "24"]
[EventDate "2010.10.26"]

1. d4 d6 2. c4 e5 3. Nf3 Nd7 4. Nc3 g6 5. e4 Bg7 6. Bg5 Bf6 7. Be3 exd4 8. Bxd4
Ne5 9. Bxe5 dxe5 10. Qxd8+ Kxd8 11. O-O-O+ Bd7 12. Be2 c6 1/2-1/2

[Event "XX C.to Mondiale Seniores"]
[Site "Arco ITA"]
[Date "2010.11.06"]
[Round "11"]
[White "Butnorius, Algimantas"]
[Black "Dragasevic, Srdja"]
[WhiteElo "2439"]
[BlackElo "2277"]
[Result "1-0"]
[PlyCount "143"]
[EventDate "2010.10.26"]

1. d4 d5 2. c4 c6 3. Nf3 Nf6 4. Nc3 a6 5. c5 Bf5 6. Qb3 Qc8 7. Bf4 e6 8. h3 Be7
9. e3 O-O 10. Be2 Nbd7 11. O-O Ne4 12. Rfc1 Bd8 13. Qd1 Bc7 14. Bf1 h6 15. b4
Qb8 16. Bxc7 Qxc7 17. Nxe4 Bxe4 18. a4 e5 19. b5 axb5 20. axb5 exd4 21. exd4
Rfe8 22. Nd2 Bf5 23. b6 Qf4 24. Nb3 Nf8 25. Rxa8 Rxa8 26. Ra1 Rb8 27. g3 Qe4
28. Ra7 Ne6 29. Bg2 Qd3 30. Qxd3 Bxd3 31. Na5 Nd8 32. h4 g5 33. hxg5 hxg5 34.
Bh3 f5 35. f3 Kg7 36. Kf2 Kf6 37. Bf1 Bxf1 38. Kxf1 f4 39. gxf4 gxf4 40. Ke2
Kf5 41. Kd3 Kf6 42. Kc3 Kf5 43. Nb3 Ne6 44. Kd3 Kf6 45. Nd2 Ng5 46. Kc2 Ne6 47.
Nb3 Ke7 48. Kc3 Kf6 49. Nc1 Ng5 50. Nd3 Nxf3 51. Nxf4 Kf5 52. Nd3 Ke4 53. Nc1
Ng5 54. Ra2 Ne6 55. Re2+ Kf5 56. Rf2+ Kg6 57. Nd3 Rf8 58. Ne5+ Kg7 59. Rg2+ Kh7
60. Ra2 Nd8 61. Ra8 Kg7 62. Rb8 Rh8 63. Rc8 Kf6 64. Rc7 Ke6 65. Rd7 Rg8 66. Kb4
Rh8 67. Rg7 Kf6 68. Rd7 Kf5 69. Nf7 Kf6 70. Ne5 Kf5 71. Nf7 Rh7 72. Nd6+ 1-0

[Event "XX C.to Mondiale Seniores"]
[Site "Arco ITA"]
[Date "2010.11.06"]
[Round "11"]
[White "Cesati Cassin, Giorgio"]
[Black "De Polzer, Manfredi"]
[WhiteElo "1598"]
[BlackElo "1809"]
[Result "0-1"]
[PlyCount "46"]
[EventDate "2010.10.26"]

1. e4 e6 2. d4 d5 3. e5 c5 4. c3 Nc6 5. Nf3 Qb6 6. Be2 Bd7 7. O-O a5 8. dxc5
Bxc5 9. Nbd2 Nge7 10. Nb3 Ng6 11. Nxc5 Qxc5 12. Qd4 Nxd4 13. cxd4 Qb6 14. b3
Rc8 15. Be3 O-O 16. Bd3 Rc3 17. Bxg6 hxg6 18. Rac1 Rfc8 19. Rxc3 Rxc3 20. Bd2
Rc2 21. Rc1 Qc6 22. Re1 a4 23. b4 Qc4 0-1

[Event "XX C.to Mondiale Seniores"]
[Site "Arco ITA"]
[Date "2010.11.06"]
[Round "11"]
[White "D'Aulisa, Francesco"]
[Black "Birkestrand, Odd"]
[WhiteElo "1779"]
[BlackElo "1913"]
[Result "1-0"]
[PlyCount "43"]
[EventDate "2010.10.26"]

1. e4 e5 2. f4 d5 3. exd5 e4 4. Bb5+ c6 5. dxc6 bxc6 6. Bc4 Bc5 7. Qh5 Qe7 8.
Bxf7+ Qxf7 9. Qxc5 Qxf4 10. Ne2 Qg4 11. O-O Nf6 12. Qe5+ Kf7 13. Ng3 Re8 14.
Qd4 Ba6 15. d3 Nbd7 16. Nc3 c5 17. Qd5+ Ke7 18. Nf5+ Kd8 19. Qxa8+ Kc7 20.
Qxa7+ Bb7 21. Bf4+ Kc8 22. Nd6+ 1-0

[Event "XX C.to Mondiale Seniores"]
[Site "Arco ITA"]
[Date "2010.11.06"]
[Round "11"]
[White "Danner, Georg"]
[Black "Chernikov, Oleg L."]
[WhiteElo "2422"]
[BlackElo "2425"]
[Result "1/2-1/2"]
[PlyCount "44"]
[EventDate "2010.10.26"]

1. d4 Nf6 2. Nf3 c6 3. c4 b5 4. e3 bxc4 5. Bxc4 Ba6 6. Nbd2 e6 7. O-O c5 8. b3
cxd4 9. Nxd4 Bb7 10. Bb2 Be7 11. Be2 O-O 12. Nc4 d5 13. Ne5 Nfd7 14. Nxd7 Nxd7
15. Rc1 Rc8 16. Rxc8 Qxc8 17. Qa1 Qb8 18. Bb5 Qd6 19. Rc1 Nb8 20. Bf1 a6 21.
Nc2 f6 22. Ba3 Qd7 1/2-1/2